000 01224nam a22002897a 4500
999 _c120911
_d120911
005 20181110153523.0
010 _aB-158035 B-700486-515
020 _c160.00
_a8179331695
020 _c500.00
_a9789384657239
035 _aB-158035
035 _aB155729
035 _aB-700486-515
037 _bCen Lib/Ret
082 _a181.499
100 _aओशो
245 _aहंसा तो मोती चुगें /
_cओशो
246 _aHanson to moti chugen /
_bby Osho
260 _aमेरठ
_bकृष्ण प्रकाशन
_c2005
260 _alucknow
_bDivyansh Publications
_c2015
270 _bमेरठ
_a11, शिव जी रोड
_e250001
270 _bLucknow
_aMIG-222, Phase -1, LDA Tickait Rai Colony
_e226017
300 _a299पृ.
_a302पृ.
_c22सेमी(अजिल्द )
_c22सेमी(सजिल्द )
650 _aदर्शन शास्त्र
_x
_z
650 _aPhilosophy
942 _2ddc
_cHN
_h181.499
_mओशोह